header

Educational psychology : (Record no. 250519)

MARC details
000 -LEADER
fixed length control field 01049cam a2200313 i 4500
001 - CONTROL NUMBER
control field 17498201
003 - CONTROL NUMBER IDENTIFIER
control field OSt
005 - DATE AND TIME OF LATEST TRANSACTION
control field 20151013142932.0
008 - FIXED-LENGTH DATA ELEMENTS--GENERAL INFORMATION
fixed length control field 121017s2013 mau b 001 0 eng
010 ## - LIBRARY OF CONGRESS CONTROL NUMBER
LC control number 2012040629
020 ## - INTERNATIONAL STANDARD BOOK NUMBER
International Standard Book Number 9780132974424
International Standard Book Number 0132974428
040 ## - CATALOGING SOURCE
Original cataloging agency DLC
Language of cataloging eng
Transcribing agency DLC
Description conventions rda
Modifying agency DLC
042 ## - AUTHENTICATION CODE
Authentication code pcc
050 00 - LIBRARY OF CONGRESS CALL NUMBER
Classification number LB1051
Item number .O66 2014
082 00 - DEWEY DECIMAL CLASSIFICATION NUMBER
Classification number 370.15
Edition number 23
100 1# - MAIN ENTRY--PERSONAL NAME
Personal name Ormrod, Jeanne Ellis.
245 10 - TITLE STATEMENT
Title Educational psychology :
Remainder of title developing learners /
Statement of responsibility, etc Jeanne Ellis Ormrod, Professor Emerita, University of North Colorado.
250 ## - EDITION STATEMENT
Edition statement Eighth edition.
300 ## - PHYSICAL DESCRIPTION
Extent 1 v. (various pagings) ;
Dimensions 28 cm
504 ## - BIBLIOGRAPHY, ETC. NOTE
Bibliography, etc Includes bibliographical references (pages R-1 - R100) and indexes.
650 #0 - SUBJECT ADDED ENTRY--TOPICAL TERM
Topical term or geographic name as entry element Educational psychology.
Topical term or geographic name as entry element Teaching.
Topical term or geographic name as entry element Learning.
Topical term or geographic name as entry element Classroom management.
906 ## - LOCAL DATA ELEMENT F, LDF (RLIN)
a 7
b cbc
c orignew
d 1
e ecip
f 20
g y-gencatlg
942 ## - ADDED ENTRY ELEMENTS (KOHA)
Source of classification or shelving scheme Library of Congress Classification
Koha item type Long Loan Books
Holdings
Withdrawn status Lost status Source of classification or shelving scheme Damaged status Not for loan Collection code Home library Current library Shelving location Date acquired Total Checkouts Full call number Barcode Date last seen Date checked out Price effective from Koha item type
    Library of Congress Classification     Non-fiction Rongo University Library Rongo University Library General Stacks 13/10/2015 1 LB1051 .O66 2014 20090343 02/03/2016 05/11/2015 13/10/2015 Long Loan Books
    Library of Congress Classification       Rongo University Library Rongo University Library   16/03/2017   LB1051 .O66 2014 201610583 16/03/2017   16/03/2017 Long Loan Books

© 2026 Rongo University
Contact us: librarian | system librarian | Rongo university